<?xml version="1.0" encoding="UTF-8"?>
<record
    xmlns:xsi="http://www.w3.org/2001/XMLSchema-instance"
    xsi:schemaLocation="http://www.loc.gov/MARC21/slim http://www.loc.gov/standards/marcxml/schema/MARC21slim.xsd"
    xmlns="http://www.loc.gov/MARC21/slim">

  <leader>01183cam a22002411  4500</leader>
  <controlfield tag="001">g  01002181 </controlfield>
  <controlfield tag="003">DLC</controlfield>
  <controlfield tag="005">20260227111257.0</controlfield>
  <controlfield tag="008">840927s1897    gw c     b    00010dger  </controlfield>
  <datafield tag="010" ind1=" " ind2=" ">
    <subfield code="a">g  01002181 //r953</subfield>
  </datafield>
  <datafield tag="040" ind1=" " ind2=" ">
    <subfield code="a">DLC/ICU</subfield>
    <subfield code="c">ICU</subfield>
    <subfield code="d">DLC</subfield>
  </datafield>
  <datafield tag="050" ind1="0" ind2="0">
    <subfield code="a">QA3</subfield>
    <subfield code="b">.H58</subfield>
  </datafield>
  <datafield tag="100" ind1="1" ind2="0">
    <subfield code="a">Hesse, Ludwig Otto,</subfield>
    <subfield code="d">1811-1874.</subfield>
  </datafield>
  <datafield tag="245" ind1="0" ind2="0">
    <subfield code="a">Ludwig Otto Hesse's gesammelte werke.</subfield>
    <subfield code="c">Hrsg. von der Mathematisch-physikalischen classe der K&#xF6;niglich bayerischen akademie der wissenschaften ...</subfield>
  </datafield>
  <datafield tag="260" ind1="0" ind2=" ">
    <subfield code="a">M&#xFC;nchen,</subfield>
    <subfield code="b">Verlag der K. Akademie, In commission des G. Franz'schen verlags (J. Roth)</subfield>
    <subfield code="c">1897.</subfield>
  </datafield>
  <datafield tag="300" ind1=" " ind2=" ">
    <subfield code="a">viii p., 1 l., 732 p.</subfield>
    <subfield code="b">front. (port.)</subfield>
    <subfield code="c">30 x 24 cm.</subfield>
  </datafield>
  <datafield tag="500" ind1=" " ind2=" ">
    <subfield code="a">"Otto Hesse's lebenslauf": p. [711]-722.</subfield>
  </datafield>
  <datafield tag="504" ind1=" " ind2=" ">
    <subfield code="a">"Verzeichniss der selbst&#xE4;ndig erschienenen werke O. Hesse's": p. [723]</subfield>
  </datafield>
  <datafield tag="504" ind1=" " ind2=" ">
    <subfield code="a">"Wissenschaftlicher nachlass O. Hesse's, im besitz des Mathematischen instituts der Technischen hochschule zu M&#xFC;nchen": p. [724]-727.</subfield>
  </datafield>
  <datafield tag="504" ind1=" " ind2=" ">
    <subfield code="a">"Manuscripte O. Hesse's im besitz der K. Hof- und staatsbibliothek zu M&#xFC;nchen": p. [728]</subfield>
  </datafield>
  <datafield tag="650" ind1=" " ind2="0">
    <subfield code="a">Mathematics.</subfield>
  </datafield>
  <datafield tag="710" ind1="2" ind2="0">
    <subfield code="a">Bayerische Akademie der Wissenschaften.</subfield>
    <subfield code="b">Mathematisch-Physikalische Klasse.</subfield>
  </datafield>
  <datafield tag="999" ind1=" " ind2=" ">
    <subfield code="c">23923</subfield>
    <subfield code="d">23923</subfield>
  </datafield>
</record>
